Normal view
MARC view
- سليمان، حسن تأليف
Entry Personal Name
001 - CONTROL NUMBER
- control field: 38174
003 - CONTROL NUMBER IDENTIFIER
- control field: JO-AjAnu
005 - DATE AND TIME OF LATEST TRANSACTION
- control field: 20230606080347.0
008 - FIXED-LENGTH DATA ELEMENTS
- fixed length control field: 230606|| aca||aabn | a|a d
040 ## - CATALOGING SOURCE
- Original cataloging agency: JO-AjAnu
- Transcribing agency: JO-AjAnu
100 ## - HEADING--PERSONAL NAME
- Personal name: سليمان، حسن تأليف
670 ## - SOURCE DATA FOUND
- Source citation: Work cat.: (JO-AjAnu)19584: سليمان، حسن تأليف, author, كتابات في الفن الشعبي:محاولة لفهم جذور الفن الشعبي بمنطقة الشرق الأوسط